[Event "Indywidualne Mistrzostwa Polski Juniorow Mlodszych do 14 lat OOM Podlaskie 2015 "]
[Site "Suwalki"]
[Date "1899-12-30"]
[Round "1.1"]
[White "Poplawski, Maciej"]
[Black "Gumularz, Szymon"]
[Result "1-0"]
[WhiteTitle "I"]
[BlackTitle "I++"]
[WhiteElo "1737"]
[BlackElo "2305"]

1. d4 Nf6 2. Nf3 e6 3. Bg5 d5 4. Nbd2 c5 5. e3 Nc6 6. c3 Be7 7. Bd3 a6 8. Qe2 b5
9. O-O Qb6 10. dxc5 Bxc5 11. e4 dxe4 12. Nxe4 Be7 13. Rad1 Nd5 14. c4 bxc4 15.
Bxc4 O-O 16. Bxd5 exd5 17. Rxd5 Bxg5 18. Nfxg5 h6 19. Qd3 hxg5 20. Nxg5 g6 21.
Rd6 Qb5 22. Rxg6+ Kh8 23. Rh6+ 1-0

[Event "Indywidualne Mistrzostwa Polski Juniorow Mlodszych do 14 lat OOM Podlaskie 2015 "]
[Site "Suwalki"]
[Date "1899-12-30"]
[Round "1.2"]
[White "Psyk, Radoslaw"]
[Black "Golenia, Jan"]
[Result "1-0"]
[WhiteTitle "k"]
[BlackTitle "I"]
[WhiteElo "2230"]
[BlackElo "1725"]

1. e4 e5 2. Nf3 Nc6 3. Bb5 a6 4. Ba4 Nf6 5. O-O b5 6. Bb3 Bc5 7. Nxe5 Nxe5 8. d4
Bxd4 9. Qxd4 Qe7 10. Bf4 d6 11. Bd5 Rb8 12. Qa7 Rb6 13. Bg5 h6 14. Bxf6 gxf6 15.
f4 Ng4 16. Nc3 O-O 17. Rae1 h5 18. h3 Nh6 19. Bb3 Bb7 20. Nd5 Bxd5 21. Bxd5 Rfb8
22. Rf3 b4 23. a4 bxa3 24. Rxa3 f5 25. Rxa6 Qh4 26. Rf1 Rxb2 27. Qxc7 fxe4 28.
Rxd6 Rb1 29. Bxf7+ Kf8 30. Bc4 e3 31. Rxh6 Rxf1+ 32. Bxf1 Qf2+ 33. Kh2 Kg8 34.
Bc4+ Kf8 35. Qf7# 1-0

[Event "Indywidualne Mistrzostwa Polski Juniorow Mlodszych do 14 lat OOM Podlaskie 2015 "]
[Site "Suwalki"]
[Date "1899-12-30"]
[Round "1.3"]
[White "Leskiewicz, Ignacy"]
[Black "Kosakowski, Jakub"]
[Result "0-1"]
[WhiteTitle "I"]
[BlackTitle "k"]
[WhiteElo "1692"]
[BlackElo "2186"]

1. e4 c5 2. Nf3 d6 3. d4 cxd4 4. Nxd4 Nf6 5. Nc3 a6 6. Be3 e5 7. Nb3 Be6 8. f3
Be7 9. Qd2 O-O 10. O-O-O Nbd7 11. g4 b5 12. g5 b4 13. Ne2 Ne8 14. f4 a5 15. Kb1
Qb8 16. f5 Bxb3 17. cxb3 a4 18. bxa4 Rxa4 19. b3 Ra5 20. Ng3 d5 21. f6 Bc5 22.
exd5 Qa7 23. Bxc5 Nxc5 24. fxg7 Nxg7 25. Qb2 Ra8 26. Rd2 Qe7 27. h4 Qd7 28. Bh3
Qd6 29. Rf1 Rxa2 30. Qxa2 Rxa2 31. Kxa2 Qa6+ 32. Kb1 Nxb3 33. Rb2 Qa1+ 34. Kc2
Nd4+ 0-1

[Event "Indywidualne Mistrzostwa Polski Juniorow Mlodszych do 14 lat OOM Podlaskie 2015 "]
[Site "Suwalki"]
[Date "1899-12-30"]
[Round "1.4"]
[White "Woloch, Oskar"]
[Black "Wierzbicki, Michal"]
[Result "1-0"]
[WhiteTitle "k"]
[BlackTitle "I"]
[WhiteElo "2110"]
[BlackElo "1687"]

1. e4 e6 2. b3 d5 3. Bb2 c6 4. Nc3 Nf6 5. e5 Nfd7 6. Qe2 c5 7. f4 Nc6 8. Nf3 Be7
9. g3 a6 10. Bg2 b5 11. a4 b4 12. Nd1 Bb7 13. O-O Qc7 14. Ne3 g6 15. Kh1 O-O-O
16. Ng4 h6 17. Rae1 Nb6 18. d3 a5 19. Ne3 Ba6 20. Rd1 d4 21. Nc4 Nd5 22. Nfd2
Kb8 23. Rde1 Bxc4 24. Nxc4 h5 25. h3 Nb6 26. Nxb6 Qxb6 27. Bc1 Bf8 28. Qf3 Ne7
29. Kg1 Kc7 30. g4 Rb8 31. Qg3 h4 32. Qf2 Bg7 33. Kh1 Rh7 34. Be4 Rf8 35. Qh2
Kc8 36. Bd2 Qa6 37. Qf2 Qb6 38. Bg2 Kc7 39. Re2 Kc8 40. Be4 Kc7 41. f5 exf5 42.
gxf5 gxf5 43. Bxf5 Nxf5 44. Qxf5 Qc6+ 45. Kh2 Qg6 46. Qf3 Bh6 47. Bxh6 Rxh6 48.
e6 Qg3+ 49. Kh1 Qxf3+ 50. Rxf3 f6 51. Rf5 Kd6 52. Kg2 Rg6+ 53. Kf2 Rg5 54. Rf4
Re5 55. Rxe5 Kxe5 56. e7 Re8 57. Rxh4 Rxe7 58. Re4+ Kd6 59. Rxe7 Kxe7 60. Kf3
Kf7 61. Kg4 Kg6 62. h4 f5+ 63. Kf4 Kh5 64. Kxf5 Kxh4 65. Ke4 Kg4 66. Kd5 Kf4 67.
Kxc5 Ke3 68. Kc4 1-0

[Event "Indywidualne Mistrzostwa Polski Juniorow Mlodszych do 14 lat OOM Podlaskie 2015 "]
[Site "Suwalki"]
[Date "1899-12-30"]
[Round "1.5"]
[White "Modlich, Piotr"]
[Black "Kowalski, Igor"]
[Result "0-1"]
[WhiteTitle "II+"]
[BlackTitle "k"]
[WhiteElo "1665"]
[BlackElo "2084"]

1. e4 e6 2. d4 d5 3. Nd2 c5 4. exd5 Qxd5 5. Ngf3 cxd4 6. Bc4 Qd6 7. O-O Nf6 8.
Nb3 Nc6 9. Nbxd4 Nxd4 10. Nxd4 a6 11. Re1 Bd7 12. c3 Qc7 13. Bd3 O-O-O 14. Qe2
Bd6 15. h3 Nd5 16. Qf3 Rdf8 17. Bd2 Bh2+ 18. Kh1 Be5 19. b4 Bf4 20. Bxf4 Qxf4
21. Qxf4 Nxf4 22. Be4 f5 23. Bc2 Rf6 24. Kh2 Rh6 25. Re3 g5 26. Rae1 g4 27. Bb3
e5 28. Ne2 Ng6 29. Ng1 e4 30. Rd1 Ne5 31. Kg3 Nd3 32. Rexd3 exd3 33. Rxd3 Bc6
34. hxg4 Rg6 35. f3 fxg4 36. fxg4 h5 37. Bd1 Bd7 38. Nh3 Bxg4 39. Bxg4+ Rxg4+
40. Kf2 Rf8+ 41. Kg1 Rfg8 42. Rd2 Rg3 43. Nf4 h4 44. Nd5 Rd8 45. Ne7+ Kc7 46.
Rxd8 Kxd8 47. Nf5 Rxc3 48. Nxh4 Rc4 49. Nf5 Rxb4 50. Ne3 Ra4 0-1

[Event "Indywidualne Mistrzostwa Polski Juniorow Mlodszych do 14 lat OOM Podlaskie 2015 "]
[Site "Suwalki"]
[Date "1899-12-30"]
[Round "1.6"]
[White "Lukasiewicz, Krzysztof"]
[Black "Jarzebowski, Kacper"]
[Result "1-0"]
[WhiteTitle "I++"]
[BlackTitle "I"]
[WhiteElo "2079"]
[BlackElo "1660"]

1. e4 d5 2. exd5 Qxd5 3. Nc3 Qa5 4. d4 Nf6 5. Bc4 Bf5 6. Nf3 e6 7. Bd2 c6 8. Qe2
Be7 9. d5 cxd5 10. Nxd5 Qd8 11. Nxe7 Qxe7 12. O-O-O O-O 13. Nh4 Nc6 14. Bg5 Qc5
15. Bxf6 gxf6 16. Nxf5 Qxf5 17. Bd3 Qg5+ 18. Kb1 Rfd8 19. h4 Qh6 20. g4 Qg7 21.
f4 h6 22. Rdg1 Kf8 23. g5 hxg5 24. hxg5 f5 25. g6 Nd4 26. Qh5 Ke7 27. gxf7 Qxf7
28. Qxf7+ Kxf7 29. Rh7+ Kf6 30. Rhg7 1-0

[Event "Indywidualne Mistrzostwa Polski Juniorow Mlodszych do 14 lat OOM Podlaskie 2015 "]
[Site "Suwalki"]
[Date "1899-12-30"]
[Round "1.7"]
[White "Brozyna, Mateusz"]
[Black "Chylewski, Patryk"]
[Result "0-1"]
[WhiteTitle "II"]
[BlackTitle "I++"]
[WhiteElo "1641"]
[BlackElo "2036"]

1. e4 c5 2. Nf3 e6 3. d3 Nc6 4. g3 Nf6 5. Bg2 d5 6. Nbd2 Bd6 7. Qe2 Bc7 8. O-O
O-O 9. c3 Rb8 10. Re1 b5 11. e5 Nd7 12. d4 b4 13. Nf1 bxc3 14. bxc3 Ba5 15. Bg5
Qc7 16. Rec1 Rb6 17. Qc2 Ba6 18. Rab1 Rxb1 19. Rxb1 cxd4 20. cxd4 Ncxe5 21. Qxc7
Nxf3+ 22. Bxf3 Bxc7 23. Nd2 Bb6 24. Nb3 Rc8 25. Be7 h6 26. a4 Rc3 27. Bg2 Bd3
28. Rb2 Bc4 0-1

[Event "Indywidualne Mistrzostwa Polski Juniorow Mlodszych do 14 lat OOM Podlaskie 2015 "]
[Site "Suwalki"]
[Date "1899-12-30"]
[Round "1.8"]
[White "Sernecki, Franciszek"]
[Black "Jobda, Rafal"]
[Result "1-0"]
[WhiteTitle "I"]
[BlackTitle "II"]
[WhiteElo "1998"]
[BlackElo "1640"]

1. d4 d5 2. Nf3 Nf6 3. g3 e6 4. Bg2 Be7 5. c4 O-O 6. O-O dxc4 7. Qc2 a6 8. Qxc4
b5 9. Qc2 Bb7 10. Bd2 Nbd7 11. Ba5 Rc8 12. Nbd2 Bd6 13. Rfd1 Qe7 14. e4 e5 15.
dxe5 Bxe5 16. Nxe5 Nxe5 17. Bc3 Ned7 18. e5 Nd5 19. Re1 c5 20. b3 N7b6 21. Ne4
Nxc3 22. Nxc3 Bxg2 23. Kxg2 Rfd8 24. Rad1 Rxd1 25. Qxd1 Rd8 26. Qe2 Nd5 27. Nxd5
Rxd5 28. Qf3 Qd7 29. Qe4 h6 30. e6 fxe6 31. Qxe6+ Qxe6 32. Rxe6 a5 33. Ra6 c4
34. Rxa5 c3 35. Ra8+ Kf7 36. Rc8 b4 37. a3 bxa3 38. Rxc3 Ra5 39. Rc1 a2 40. Ra1
Ra3 41. Kf1 Ke6 42. Ke2 Kd5 43. Kd2 Ke4 44. Kc3 Kf3 45. Kb2 Ra5 46. Rxa2 Rh5 47.
Kc3 Rxh2 48. b4 Rh1 49. b5 Rb1 50. Rb2 Rc1+ 51. Kb4 h5 52. b6 Rc8 53. b7 Rb8 54.
Kc5 g5 55. Kc6 h4 56. gxh4 gxh4 57. Rb4 h3 58. Rh4 Kg2 59. Kc7 Rxb7+ 60. Kxb7
Kh2 61. f4 Kg3 62. Rxh3+ 1-0

[Event "Indywidualne Mistrzostwa Polski Juniorow Mlodszych do 14 lat OOM Podlaskie 2015 "]
[Site "Suwalki"]
[Date "1899-12-30"]
[Round "1.9"]
[White "Modlich, Kacper"]
[Black "Garbowski, Jakub"]
[Result "0-1"]
[WhiteTitle "II+"]
[BlackTitle "I+"]
[WhiteElo "1626"]
[BlackElo "1964"]

1. e4 c5 2. Nf3 e6 3. d4 cxd4 4. Nxd4 Nf6 5. Bd3 Nc6 6. Nxc6 bxc6 7. O-O d5 8.
Nd2 Be7 9. Re1 a5 10. e5 Nd7 11. c3 Ba6 12. Bc2 O-O 13. Qg4 Re8 14. Re3 g6 15.
Nf3 Bf8 16. h4 Bg7 17. h5 Qc7 18. hxg6 fxg6 19. Ng5 Nxe5 20. Qg3 Qd6 21. Qh2 h6
22. Nh3 Rad8 23. Qg3 Nc4 24. Qxd6 Rxd6 25. Bxg6 Nxe3 26. Bxe8 Nc4 27. Bg6 e5 28.
Bd3 e4 29. Bxc4 Bxc4 30. Be3 Rd7 31. b3 Bd3 32. Bd4 a4 33. Nf4 Bb5 34. Bxg7 Kxg7
35. Ne6+ Kf6 36. Nd4 Rc7 37. bxa4 Bxa4 38. Rb1 c5 39. Rb6+ Kf7 40. Rxh6 cxd4 41.
Rh7+ Ke6 42. Rxc7 d3 43. Kf1 d2 44. Ke2 d1=Q+ 45. Ke3 Qc1+ 46. Kd4 Qd2+ 0-1

[Event "Indywidualne Mistrzostwa Polski Juniorow Mlodszych do 14 lat OOM Podlaskie 2015 "]
[Site "Suwalki"]
[Date "1899-12-30"]
[Round "1.10"]
[White "Nowak, Mikolaj"]
[Black "Zolkiewski, Jakub"]
[Result "1-0"]
[WhiteTitle "I"]
[BlackTitle "II"]
[WhiteElo "1939"]
[BlackElo "1609"]

1. e4 c5 2. Nf3 d6 3. c3 Nf6 4. Bd3 Nc6 5. Bc2 g6 6. h3 Bg7 7. d4 cxd4 8. cxd4
O-O 9. O-O Bd7 10. Nc3 Rc8 11. Be3 Na5 12. Qd3 Nc4 13. Bc1 Qc7 14. b3 Na3 15.
Bxa3 Qxc3 16. Rac1 Bh6 17. Qe2 Bxc1 18. Rxc1 Qa5 19. Bb2 Bb5 20. Qd1 Qxa2 21.
Ba1 Qa6 22. e5 Nd5 23. Be4 Nf4 24. Kh2 d5 25. Bc2 Ne2 26. Qd2 Kg7 27. Bb2 Qa2
28. Rb1 Rc7 29. Bd3 Bxd3 30. Qxd3 Nf4 31. Qd1 Rfc8 32. Ne1 Ne2 33. Nd3 Nc3 34.
Bxc3 Rxc3 35. Nf4 e6 36. Ra1 Qxf2 37. Qg4 Rc1 38. Rxc1 Rxc1 39. Qg5 Qg1+ 40. Kg3
Rc3+ 41. Kh4 Qf2+ 42. g3 Rxg3 43. Nh5+ Kf8 44. Qd8# 1-0

[Event "Indywidualne Mistrzostwa Polski Juniorow Mlodszych do 14 lat OOM Podlaskie 2015 "]
[Site "Suwalki"]
[Date "1899-12-30"]
[Round "1.11"]
[White "Kaminski, Maciej"]
[Black "Laszczak, Przemyslaw"]
[Result "1-0"]
[WhiteTitle "II+"]
[BlackTitle "I"]
[WhiteElo "1600"]
[BlackElo "1930"]

1. d4 d5 2. c4 c6 3. Nc3 Nf6 4. Bg5 e6 5. e3 Nbd7 6. Nf3 Qa5 7. Nd2 Bb4 8. Qc2
dxc4 9. Bxf6 Nxf6 10. Nxc4 Qd8 11. Be2 O-O 12. O-O Re8 13. Rfd1 Qc7 14. Rac1 Bd6
15. h3 e5 16. d5 Bf8 17. d6 Qb8 18. Ne4 Nxe4 19. Qxe4 Be6 20. d7 Rd8 21. Nxe5
Bd6 22. Nc4 Rxd7 23. Bg4 Bd5 24. Qd4 Bh2+ 25. Kh1 Bxg2+ 26. Kxg2 Rxd4 27. Rxd4
Be5 28. Rd7 g6 29. Rcd1 Bg7 30. Nd6 f5 31. Bf3 Bf8 32. Rxb7 Qd8 33. Bxc6 Bxd6
34. Rd7 Qg5+ 35. Kf1 Rd8 36. R1xd6 Rxd7 37. Rxd7 Qh4 38. Kg2 a5 39. a3 Qg5+ 40.
Kf1 Qf6 41. Bd5+ Kh8 42. Ra7 Qb6 43. Rb7 Qc5 44. Bf3 Qc4+ 45. Kg2 f4 46. e4 Qd4
47. b4 Qb2 48. b5 Qxa3 49. e5 Qb3 50. Rb8+ Kg7 51. b6 a4 52. b7 a3 53. Ra8 a2
54. Rxa2 Qxa2 55. b8=Q g5 56. Qd6 Qa4 57. Qf6+ 1-0

[Event "Indywidualne Mistrzostwa Polski Juniorow Mlodszych do 14 lat OOM Podlaskie 2015 "]
[Site "Suwalki"]
[Date "1899-12-30"]
[Round "1.12"]
[White "Ochowicz, Jakub"]
[Black "Polczyk, Mikolaj"]
[Result "0-1"]
[WhiteTitle "I"]
[BlackTitle "I"]
[WhiteElo "1927"]
[BlackElo "1571"]

1. e4 e5 2. Nf3 Nc6 3. Bb5 a6 4. Bxc6 dxc6 5. O-O Bg4 6. h3 h5 7. d3 Qf6 8. Be3
Bxf3 9. Qxf3 Qxf3 10. gxf3 Bd6 11. Nc3 Ne7 12. Ne2 Ng6 13. c3 O-O 14. Rad1 f5
15. Kh1 Nh4 16. Ng1 f4 17. Bc1 c5 18. d4 cxd4 19. cxd4 Rad8 20. d5 g5 21. Rd3
Kf7 22. a3 Rh8 23. Bd2 g4 24. fxg4 hxg4 25. Bb4 Ng6 26. Bxd6 cxd6 27. Rc3 Rd7
28. Rfc1 Kf6 29. Kg2 Nh4+ 30. Kf1 f3 31. hxg4 Kg5 32. Ke1 Kf4 33. Kd2 Kxe4 34.
Re3+ Kxd5 35. Nxf3 Nxf3+ 36. Rxf3 Rg7 37. Rd3+ Ke6 38. Rg1 d5 39. Rb3 e4 40. Rbg3
Ke5 41. Ke2 Kf4 42. Rb3 b5 43. Rc3 Rh6 44. Rc8 Rf6 45. Rd8 Rg5 46. Rg3 Rfg6 47.
Rd7 Ke5 48. Re7+ Kd4 49. Ra7 Re6 50. Rc7 Ke5 51. Rc8 d4 52. Rf8 Kd5 53. Rd8+ Ke5
54. Rf8 Rd6 55. Rf7 d3+ 56. Kd2 Kd4 57. Rc7 Rdd5 58. Rc3 Rc5 59. Rg2 a5 60. Rxc5
Rxc5 61. g5 Rc2+ 62. Kd1 Rxb2 63. Kc1 Kc3 64. Rg3 Rxf2 65. Kb1 Rf1+ 66. Ka2 b4
67. axb4 axb4 68. Rg2 b3+ 69. Ka3 Ra1+ 70. Ra2 Rxa2# 0-1

[Event "Indywidualne Mistrzostwa Polski Juniorow Mlodszych do 14 lat OOM Podlaskie 2015 "]
[Site "Suwalki"]
[Date "1899-12-30"]
[Round "1.13"]
[White "Wloch, Mikolaj"]
[Black "Wyczling, Bartosz"]
[Result "0-1"]
[WhiteTitle "I"]
[BlackTitle "I"]
[WhiteElo "1564"]
[BlackElo "1926"]

1. d4 Nf6 2. c4 c5 3. d5 b5 4. cxb5 a6 5. bxa6 Bxa6 6. Nc3 d6 7. Nf3 Nbd7 8. g3
g6 9. Bg2 Bg7 10. O-O O-O 11. Rb1 Qc7 12. Re1 Rfb8 13. b3 Ng4 14. Bd2 Nb6 15.
e4 Bd3 16. Rc1 c4 17. Bh3 Ne5 18. Nd4 cxb3 19. axb3 Ba6 20. Ncb5 Qd7 21. Rc7 Qe8
22. Bf1 Nc8 23. f4 Nd7 24. Nc6 Rxb5 25. Bxb5 Bxb5 26. Bb4 Bxc6 27. dxc6 Ndb6 28.
e5 dxe5 29. fxe5 e6 30. Bc5 Nd5 31. Rd7 Ncb6 32. Bxb6 Nxb6 33. Rc7 Nd5 34. Rd7
Rc8 35. Qc1 Nb6 36. Red1 Nxd7 37. cxd7 Qxd7 38. Rxd7 Rxc1+ 39. Kf2 Bxe5 40. Rd3
Kg7 0-1

[Event "Indywidualne Mistrzostwa Polski Juniorow Mlodszych do 14 lat OOM Podlaskie 2015 "]
[Site "Suwalki"]
[Date "1899-12-30"]
[Round "1.14"]
[White "Lis, Mateusz"]
[Black "Gorecki, Mateusz"]
[Result "1-0"]
[WhiteTitle "I"]
[BlackTitle "II"]
[WhiteElo "1926"]
[BlackElo "1529"]

1. e4 e5 2. Nf3 Nc6 3. Nc3 Nf6 4. a3 a6 5. d4 exd4 6. Nxd4 Bc5 7. Be3 Bxd4 8. Bxd4
Nxd4 9. Qxd4 d6 10. O-O-O Qe7 11. Nd5 Qd8 12. Bc4 Be6 13. e5 c5 14. Qf4 dxe5 15.
Qxe5 Nxd5 16. Bxd5 Qe7 17. Qxg7 O-O-O 18. Rhe1 Rhe8 19. Qe5 Rd7 20. Bxe6 fxe6
21. Rxd7 Qxd7 22. Qxc5+ Kb8 23. Qe5+ Ka8 24. f4 Qe7 25. Kb1 Qh4 26. f5 Qh5 27.
fxe6 Qxe5 28. Rxe5 Kb8 29. b3 Kc7 30. Rh5 Re7 31. Rh6 Kd6 32. Kc1 Ke5 33. Kd2
Kf5 34. Rh4 Rxe6 35. Rxh7 b5 36. Rh3 1-0

[Event "Indywidualne Mistrzostwa Polski Juniorow Mlodszych do 14 lat OOM Podlaskie 2015 "]
[Site "Suwalki"]
[Date "1899-12-30"]
[Round "1.15"]
[White "Butyrowski, Marcel"]
[Black "Kokoszczynski, Jan"]
[Result "1-0"]
[WhiteTitle "II"]
[BlackTitle "I+"]
[WhiteElo "1514"]
[BlackElo "1906"]

1. e4 e6 2. d4 d5 3. exd5 exd5 4. Bd3 Nc6 5. c3 Bd6 6. Qc2 Nge7 7. Bg5 Be6 8. Ne2
Qd7 9. Nd2 O-O-O 10. O-O f6 11. Be3 g5 12. b4 Nf5 13. b5 Nce7 14. a4 Ng6 15. a5
Nf4 16. Bxf4 gxf4 17. b6 Kb8 18. a6 cxb6 19. axb7 Nh4 20. g3 Ng6 21. Ra2 Kxb7
22. Rfa1 Ra8 23. Nc4 f3 24. Nc1 Bc7 25. Nd2 Rhe8 26. Ncb3 Nf4 27. Nc5+ bxc5 28.
Ba6+ Kb8 29. Qb2+ Bb6 30. dxc5 Nh3+ 31. Kf1 Qc7 32. Ra5 Bc8 33. Bxc8 Kxc8 34.
cxb6 Qe7 35. Nxf3 Qb7 36. Rxa7 Rxa7 37. Rxa7 Qc6 38. b7+ Kb8 39. Ra8+ Kc7 40.
b8=Q+ 1-0

[Event "Indywidualne Mistrzostwa Polski Juniorow Mlodszych do 14 lat OOM Podlaskie 2015 "]
[Site "Suwalki"]
[Date "1899-12-30"]
[Round "1.16"]
[White "Gaj, Szymon"]
[Black "Ulatowski, Jakub"]
[Result "0-1"]
[WhiteTitle "I"]
[BlackTitle "II"]
[WhiteElo "1884"]
[BlackElo "1511"]

1. d4 d5 2. c4 Bf5 3. Qb3 Nf6 4. Qxb7 Nbd7 5. Nc3 Rb8 6. Qxa7 e5 7. dxe5 Bc5 8.
Qa4 Ne4 9. e3 dxc4 10. Nf3 Bb4 11. Bd2 Nec5 12. Qc6 Bxc3 13. Bxc4 Be4 14. Bd5
Bxd2+ 15. Nxd2 Rb6 16. Nxe4 Rxc6 17. Bxc6 Nxe4 18. e6 fxe6 19. Bxe4 O-O 20. Rd1
Qe7 21. O-O Ne5 22. Rd4 Rb8 23. Rfd1 Rb4 24. Rd8+ Kf7 25. Bxh7 Qh4 26. Bg8+ Ke7
27. f4 Rxb2 28. Kh1 Qf2 29. Rg1 Nf3 30. Rdd1 Qh4 31. h3 Qg3 32. gxf3 Qh2# 0-1

[Event "Indywidualne Mistrzostwa Polski Juniorow Mlodszych do 14 lat OOM Podlaskie 2015 "]
[Site "Suwalki"]
[Date "1899-12-30"]
[Round "1.17"]
[White "Mietkiewicz, Jacek"]
[Black "Pacan-milej, Kosma"]
[Result "0-1"]
[WhiteTitle "II+"]
[BlackTitle "I"]
[WhiteElo "1505"]
[BlackElo "1842"]

1. d4 d5 2. c4 e6 3. Nc3 Nf6 4. f3 c5 5. cxd5 Nxd5 6. e3 Nc6 7. Bb5 Bd6 8. Ne4
cxd4 9. Qxd4 O-O 10. Bxc6 bxc6 11. Nxd6 Qxd6 12. Bd2 c5 13. Qh4 Qe5 14. Ne2 Qxb2
15. Rd1 Ba6 16. Qf2 Rfd8 17. O-O Bxe2 18. e4 Bxf1 19. exd5 Rxd5 20. Kxf1 Rad8
21. Ke1 c4 0-1

[Event "Indywidualne Mistrzostwa Polski Juniorow Mlodszych do 14 lat OOM Podlaskie 2015 "]
[Site "Suwalki"]
[Date "1899-12-30"]
[Round "1.18"]
[White "Miszkielo, Bartosz"]
[Black "Rak, Maciej"]
[Result "1-0"]
[WhiteTitle "I"]
[BlackTitle "II"]
[WhiteElo "1823"]
[BlackElo "1476"]

1. e4 c5 2. Nf3 a6 3. d4 cxd4 4. Nxd4 Nf6 5. Nc3 e5 6. Nf3 Bb4 7. Bc4 Qc7 8. Qd3
b5 9. Bb3 Bb7 10. O-O h6 11. Nd5 Nxd5 12. exd5 d6 13. c3 Bc5 14. Nh4 g6 15. Kh1
Qe7 16. Qg3 g5 17. Nf5 Qf6 18. Bc2 Nd7 19. b4 Bb6 20. Qd3 O-O-O 21. a4 bxa4 22.
Bxa4 Bc7 23. Bc6 Nb6 24. Bxb7+ Kxb7 25. Qxa6+ Kb8 26. Be3 Qxf5 27. Bxb6 Bxb6 28.
Qxb6+ Kc8 29. Qc6+ 1-0

[Event "Indywidualne Mistrzostwa Polski Juniorow Mlodszych do 14 lat OOM Podlaskie 2015 "]
[Site "Suwalki"]
[Date "1899-12-30"]
[Round "1.19"]
[White "Gozdzicki, Maciej"]
[Black "Pytel, Maciej"]
[Result "0-1"]
[WhiteTitle "II"]
[BlackTitle "I"]
[WhiteElo "1443"]
[BlackElo "1821"]

1. d4 Nf6 2. c4 e6 3. Nf3 b6 4. Nc3 Bb4 5. Bg5 h6 6. Bh4 g5 7. Bg3 Bxc3+ 8. bxc3
Ne4 9. Qc2 Bb7 10. Rb1 d6 11. e3 Nd7 12. Bd3 f5 13. O-O O-O 14. Nd2 Nxd2 15. Qxd2
Qf6 16. f3 e5 17. Bc2 Rad8 18. h3 Kh8 19. Bh2 Ba6 20. Bd3 Qe6 21. Qe2 e4 22. fxe4
fxe4 23. Rxf8+ Rxf8 24. Bc2 Bxc4 25. Qh5 Kg7 26. Bb3 Nf6 27. Qd1 a5 28. Qc2 Bxb3
29. axb3 Nd5 30. Qd2 Qf5 31. Re1 Kg6 32. Bg3 h5 33. Re2 Qf1+ 34. Kh2 h4 35. Be1
Nxc3 36. Rf2 Rxf2 37. Bxf2 Qd3 38. Be1 Qxd2 39. Bxd2 Ne2 0-1

[Event "Indywidualne Mistrzostwa Polski Juniorow Mlodszych do 14 lat OOM Podlaskie 2015 "]
[Site "Suwalki"]
[Date "1899-12-30"]
[Round "1.20"]
[White "Fus, Jakub"]
[Black "Stanowski, Mateusz"]
[Result "1/2-1/2"]
[WhiteTitle "II+"]
[BlackTitle "II"]
[WhiteElo "1821"]
[BlackElo "1401"]

1. d4 d5 2. Nf3 Nf6 3. c4 e6 4. g3 b6 5. Bg2 Bb7 6. Ne5 Nbd7 7. Qa4 c5 8. dxc5
Bxc5 9. Nc3 Bd4 10. Nxd7 Bxc3+ 11. bxc3 Qxd7 12. Qxd7+ Nxd7 13. cxd5 Bxd5 14.
Bxd5 exd5 15. Be3 O-O 16. Rd1 Nf6 17. Bd4 Rac8 18. f3 Nd7 19. Kd2 Rfe8 20. Rhe1
Ne5 21. Bxe5 Rxe5 22. Kc2 b5 23. f4 Re3 24. Rd3 Rxd3 25. Kxd3 Kf8 26. Rb1 a6 27.
Rb4 Ke7 28. Rd4 Ke6 29. e4 dxe4+ 30. Rxe4+ Kd6 31. Rd4+ Ke6 32. g4 g6 33. c4 h5
34. h3 f6 35. Re4+ Kd6 36. cxb5 axb5 37. f5 hxg4 38. hxg4 gxf5 39. gxf5 Rc6 40.
Rb4 Rc5 41. Ke4 Re5+ 42. Kf4 Rc5 43. Ke4 Re5+ 44. Kf4 Rc5 1/2-1/2

[Event "Indywidualne Mistrzostwa Polski Juniorow Mlodszych do 14 lat OOM Podlaskie 2015 "]
[Site "Suwalki"]
[Date "1899-12-30"]
[Round "1.21"]
[White "Banach, Jakub"]
[Black "Godzwon, Iwo"]
[Result "0-1"]
[WhiteTitle "II"]
[BlackTitle "I"]
[WhiteElo "1392"]
[BlackElo "1801"]

1. e4 c5 2. Nf3 e6 3. d4 cxd4 4. Nxd4 Nf6 5. Nc3 d6 6. Be2 a6 7. O-O Qc7 8. Be3
b5 9. a3 Bb7 10. Bd3 Be7 11. f4 Nbd7 12. Bf2 O-O 13. h3 Rfe8 14. Nf3 e5 15. fxe5
Nxe5 16. Nxe5 dxe5 17. Qf3 Bc5 18. Kh1 Bd4 19. Bxd4 exd4 20. Nd5 Bxd5 21. exd5
Rad8 22. Rae1 Qc5 23. Be4 Nxe4 24. Rxe4 Rxe4 25. Qxe4 Qxd5 26. Qxd5 Rxd5 27. Rd1
Kf8 28. Kg1 Rc5 29. Rd2 Ke7 30. Kf2 Ke6 31. Ke2 Re5+ 32. Kf2 Re4 33. Kf3 Ke5 34.
Rd3 f5 35. c3 g5 36. cxd4+ Rxd4 37. Rc3 Rd2 38. Rc5+ Ke6 39. Rc6+ Rd6 40. Rc2
h6 41. Re2+ Kf6 42. Re3 Rd2 43. b4 h5 44. Rc3 Ke5 45. Rc5+ Rd5 46. Rc3 f4 47.
g3 fxg3 48. Kxg3 Ke4 49. Kg2 Rd2+ 50. Kg1 Rd3 51. Rc5 Rxa3 52. Rxg5 Rxh3 53. Rg6
Ra3 54. Rh6 Kd4 55. Rxh5 Kc4 56. Rh4+ Kc3 57. Kf2 Ra4 58. Ke2 Rxb4 59. Rh6 a5
60. Rc6+ Kb2 61. Kd2 Rc4 62. Rb6 b4 63. Kd3 Rc3+ 64. Kd2 Kb3 65. Re6 a4 66. Re1
Kb2 67. Re4 Kb3 68. Re1 Rc2+ 69. Kd3 a3 70. Rb1+ Rb2 71. Ra1 a2 72. Kd4 Rb1 73.
Rxa2 Kxa2 0-1

[Event "Indywidualne Mistrzostwa Polski Juniorow Mlodszych do 14 lat OOM Podlaskie 2015 "]
[Site "Suwalki"]
[Date "1899-12-30"]
[Round "1.22"]
[White "Raczynski, Krzysztof"]
[Black "Jagura, Norbert"]
[Result "1-0"]
[WhiteTitle "I+"]
[BlackTitle "II"]
[WhiteElo "1758"]
[BlackElo "1387"]

1. e4 c6 2. d4 d5 3. Nd2 dxe4 4. Nxe4 Bf5 5. Ng3 Bg6 6. h4 h6 7. Nf3 e6 8. Ne5
Bh7 9. Bc4 Nf6 10. Qe2 Qc8 11. Nh5 Nxh5 12. Qxh5 g6 13. Qf3 Qc7 14. Bf4 Qe7 15.
O-O-O Bg7 16. g4 g5 17. hxg5 hxg5 18. Be3 f6 19. Nd3 Nd7 20. Nc5 Nxc5 21. dxc5
Bg6 22. Rxh8+ Bxh8 23. Rd6 Bf7 24. Rxc6 Rd8 25. Rd6 Rc8 26. Qe4 e5 27. Qh7 Bxc4
28. Qxh8+ Qf8 29. Qxf8+ Kxf8 30. Rxf6+ Kg7 31. Rf5 Be6 32. Rxe5 Kf6 33. Rxg5 Rd8
34. b3 Rf8 35. f4 Bc8 36. Bd4+ Ke6 37. Re5+ Kf7 38. f5 Rg8 39. Re4 Rg5 40. Kd2
Bd7 41. Be3 Rg8 42. Bd4 Bc6 43. Rf4 Re8 44. g5 Bd7 45. g6+ Kg8 46. Rh4 Kf8 47.
f6 1-0

[Event "Indywidualne Mistrzostwa Polski Juniorow Mlodszych do 14 lat OOM Podlaskie 2015 "]
[Site "Suwalki"]
[Date "1899-12-30"]
[Round "1.23"]
[White "Marciniak, Piotr"]
[Black "Kubiak, Jakub"]
[Result "0-1"]
[WhiteTitle "III"]
[BlackTitle "I"]
[WhiteElo "1297"]
[BlackElo "1753"]

1. e4 c5 2. Nf3 d6 3. d4 cxd4 4. Nxd4 Nf6 5. Nc3 a6 6. a4 e5 7. Nb3 Be7 8. f4 exf4
9. Bxf4 Qc7 10. Bd3 Nbd7 11. Qd2 Ne5 12. O-O h6 13. Be3 O-O 14. Nd5 Nxd5 15. exd5
Nc4 16. Qc3 Bf6 17. Rxf6 gxf6 18. Bxh6 Qb6+ 19. Kh1 Ne5 20. Bxf8 Kxf8 21. Rf1
Ke7 22. Qd2 Bd7 23. a5 Qd8 24. Qf4 Qh8 25. Qe3 Rg8 26. h3 Qg7 27. Qf2 Rh8 28.
Bf5 Bxf5 29. Qxf5 Rg8 30. g4 Qh6 31. Kg2 Rh8 32. Rh1 Qe3 33. Qf2 Qe4+ 34. Kg3
Qxh1 35. Qg2 Qe1+ 36. Kh2 Ng6 37. g5 Qe5+ 38. Kh1 fxg5 0-1

[Event "Indywidualne Mistrzostwa Polski Juniorow Mlodszych do 14 lat OOM Podlaskie 2015 "]
[Site "Suwalki"]
[Date "1899-12-30"]
[Round "2.1"]
[White "Pacan-milej, Kosma"]
[Black "Psyk, Radoslaw"]
[Result "1/2-1/2"]
[WhiteTitle "I"]
[BlackTitle "k"]
[WhiteElo "1842"]
[BlackElo "2230"]

1. d4 Nf6 2. c4 e6 3. Nf3 b6 4. g3 Bb7 5. Bg2 Be7 6. O-O O-O 7. Re1 d5 8. cxd5
exd5 9. Nc3 c5 10. Bf4 Nbd7 11. Ne5 cxd4 12. Qxd4 Bc5 13. Qa4 Nxe5 14. Bxe5 Qe7
15. Bxf6 Qxf6 16. Qf4 Qe6 17. Rad1 Rfd8 18. Rd2 d4 19. Bxb7 dxc3 20. bxc3 Rxd2
21. Qxd2 Rb8 22. Bd5 Qf6 23. e3 a5 24. Qd3 a4 25. Be4 g6 26. Qc4 a3 27. Rd1 Rd8
28. Rxd8+ Qxd8 29. Bd5 Qf6 30. Kg2 Kg7 31. Kg1 Qf5 32. Qe4 Qxe4 33. Bxe4 Kf6 34.
Kf1 Ke5 35. Bc2 h6 36. Ke2 Ke6 37. f4 Kf6 38. Kf3 Ke6 39. g4 g5 40. Bb3+ Ke7 41.
Ke4 f6 42. fxg5 fxg5 43. Kd3 Kd6 1/2-1/2